000 00568nam a2200193Ia 4500
005 20250508161947.0
008 008 250505s9999 xx 000 0 eng d
037 _aTextual
040 _aFEDL
_beng
_cFEDL
041 _aeng
_2eng
084 _a507, VAI
_qFEDL
100 _aVaidya Narendera Ed.
_9771891
245 0 _aReshaping our school science education
260 _aNew Delhi, India
_bOxford and IBH Publishing Co.
_c1977
300 _axxxi,258p.
700 _a Rajput J S Ed.
_9771892
942 _cTEXL
_h507, VAI
999 _c1373510
_d1373510